| 000 | 00782nam a2200217Ia 4500 | ||
|---|---|---|---|
| 003 | IN-BaIIA | ||
| 008 | 211028s9999 xx 000 0 eng d | ||
| 040 | _cIIA Library | ||
| 080 |
_a726.1(091) _bBON |
||
| 100 |
_aBoner, Alice _919465 |
||
| 245 | 0 |
_aNew light on the Sun temple of Konarka - four unpublished manuscripts relating to construction history and ritual of thi _cAlice Boner, Sadasiva Rath Sarma and Rajendra Prasāda Dāsa |
|
| 260 |
_aVaranasi _bChowkhamba Sanskrit Series Office _c1972 |
||
| 300 | _a[various pagings.] | ||
| 650 | _aAstronomy and astrophysics thesaurus | ||
| 650 |
_aHistory _97064 |
||
| 650 |
_aKonarka _919466 |
||
| 650 |
_aSun temple _919467 |
||
| 700 |
_aDas, Rajendra Prasad _919468 |
||
| 700 |
_aSarma, Sadasiva Rath _919469 |
||
| 942 | _cBK | ||
| 999 |
_c11332 _d11332 |
||